| 000 | 00479nam a22001577a 4500 | ||
|---|---|---|---|
| 082 |
_a355.34254 _bSAG |
||
| 100 |
_aTariq Ismail Sagar _99439 |
||
| 245 |
_aRAW Research and analysis _cTariq Ismail Sagar |
||
| 260 |
_aLahore _bServices book club GHQ _c1998 |
||
| 300 |
_a240p.: _bill.: _c20 cm. |
||
| 526 |
_a0 _b0 _c0 _d355_342540000000000_SAG |
||
| 526 |
_a0 _b0 _c0 _d355_342540000000000_SAG |
||
| 526 |
_a0 _b0 _c0 _d355_342540000000000_SAG |
||
| 650 |
_aMCE _9379 |
||
| 942 |
_2ddc _cBK |
||
| 999 |
_c551770 _d551770 |
||